00646nam a2200205 i 450000100060000000300090000600500170001500700030003200800410003502000180007610000290009424500720012326000330019530000300022849000310025850000600028965000270034983000310037685200330040782148ES-MaACL20230906174619.0t|041125s1991 sp ||||1| spa d a84-344-1403-11 aGalbraith, John Kenneth.10aBreve historia de la euforia financiera / cJohn Kenneth Galbraith. aBarcelona : bAriel, c1991. a140 p. : bil. ; c23 cm.1 aAriel sociedad económica aTraducción de: A short history of financial emphoria.14aEconomía-vHistoria.0 aAriel sociedad económica aES-MaACLjE-10491 bR.134614